Witamy w Bibliotece Naukowej Instytutu Łączności!

Aproksymacja funkcji i jej metody numeryczne / (Rekord nr 8076)

000 -LEADER
fixed length control field 01286cam a2200397 i 4500
001 - CONTROL NUMBER
control field vtls000534921
003 - CONTROL NUMBER IDENTIFIER
control field NUKAT
005 - DATE AND TIME OF LATEST TRANSACTION
control field 20181116112756.0
008 - FIXED-LENGTH DATA ELEMENTS--GENERAL INFORMATION
fixed length control field 050825s1968 pl a f |001 0 pol c
035 ## - SYSTEM CONTROL NUMBER
System control number zz2005974284
039 #9 - LEVEL OF BIBLIOGRAPHIC CONTROL AND CODING DETAIL [OBSOLETE]
Level of rules in bibliographic description 201705261340
Level of effort used to assign nonsubject heading access points kopwsgbyd
Level of effort used to assign subject headings 201511221210
Level of effort used to assign classification kopumk
Level of effort used to assign subject headings 201506160115
Level of effort used to assign classification VLOAD
Level of effort used to assign subject headings 201506151539
Level of effort used to assign classification qaf
040 ## - CATALOGING SOURCE
Original cataloging agency WA U/94ANK
Transcribing agency WA U/ANK
Modifying agency WA U/ANK
-- WR U/jc
-- GL 001/FAN
-- KAT U/IW
041 1# - LANGUAGE CODE
Language code of text/sound track or separate title pol
Language code of original and/or intermediate translations of text ger
100 1# - MAIN ENTRY--PERSONAL NAME
Personal name Meinardus, Günter
Dates associated with a name (1926- ).
240 10 - UNIFORM TITLE
Uniform title Approximation von Funktionen und ihre numerische Behandlung
Language of a work (pol.)
245 10 - TITLE STATEMENT
Title Aproksymacja funkcji i jej metody numeryczne /
Statement of responsibility, etc Günter Meinardus ; tł. Stefan Paszkowski.
260 ## - PUBLICATION, DISTRIBUTION, ETC. (IMPRINT)
Place of publication, distribution, etc Warszawa :
Name of publisher, distributor, etc Państwowe Wydawnictwo Naukowe,
Date of publication, distribution, etc 1968.
300 ## - PHYSICAL DESCRIPTION
Extent 267 s. :
Other physical details il. ;
Dimensions 21 cm.
504 ## - BIBLIOGRAPHY, ETC. NOTE
Bibliography, etc Bibliogr. s. 249-261. Indeks.
650 ## - SUBJECT ADDED ENTRY--TOPICAL TERM
Topical term or geographic name as entry element Teoria aproksymacji.
700 1# - ADDED ENTRY--PERSONAL NAME
Personal name Paszkowski, Stefan.
Relator term Tł.
710 2# - ADDED ENTRY--CORPORATE NAME
Corporate name or jurisdiction name as entry element Państwowe Wydawnictwo Naukowe (1951-1992).
Relator code pbl
9 (RLIN) 995
982 ## - EQUIVALENCE OR CROSS-REFERENCE-SERIES STATEMENT--CONFERENCE OR MEETING NAME/TITLE [LOCAL, CANADA]
Meeting name or jurisdiction name as entry element BYDG_24
942 ## - ADDED ENTRY ELEMENTS (KOHA)
Source of classification or shelving scheme
Koha item type Książki
980 ## - EQUIVALENCE OR CROSS-REFERENCE-SERIES STATEMENT--PERSONAL NAME/TITLE [LOCAL, CANADA]
Personal name SZCZ_ZUT
Egzemplarze
Withdrawn status Lost status Source of classification or shelving scheme Damaged status Not for loan Permanent Location Current Location Shelving location Date acquired Inventory number Full call number Barcode Date last seen Price effective from Koha item type
          Instytut Łączności Instytut Łączności Magazyn 1968-06-09 23619 23619 23619 2022-10-13 2017-11-30 Książki

Działa dzięki Koha